Planificacion estrategica en la R.N.A. Cabo Blanco.
Gespeichert in:
| 1. Verfasser: | |
|---|---|
| Format: | Buch |
| Veröffentlicht: |
San José, Costa Rica
1994
|
| Schlagworte: | |
| Tags: |
Tag hinzufügen
Keine Tags, Fügen Sie den ersten Tag hinzu!
|
MARC
| LEADER | 00000nam a2200000Ia 4500 | ||
|---|---|---|---|
| 003 | 007583 | ||
| 005 | 20221231144258.0 | ||
| 008 | 140114s1994 cr a m 000 ||s d | ||
| 040 | |c cru CEDI | ||
| 090 | |a TFG 3231 | ||
| 100 | |a Ramírez Calderón, Gustavo |9 10976 | ||
| 245 | |a Planificacion estrategica en la R.N.A. Cabo Blanco. | ||
| 260 | |c 1994 |a San José, Costa Rica | ||
| 300 | |a 2 volúmenes. | ||
| 500 | |a Proyecto de graduación (licenciatura en ingeniería industrial)--Universidad de Costa Rica. Facultad de Ingeniería. Escuela de Ingeniería Industrial | ||
| 650 | |x RESERVA NATURAL ABSOLUTA CABO BLANCO (COSTA RICA) - ADMINISTRACION |9 10977 | ||
| 942 | |c TFG |2 ddc | ||
| 999 | |c 19490 |d 19490 | ||
